Sri Lanka Country Quiz - Statistics

General Stats
  • This quiz has been taken 25 times
  • The average score is 9 of 13
Answer Stats
Hint Answer % Correct
Main Religion Buddhism
96%
Capital Colombo
96%
Main Ally India
96%
Main Export Tea
88%
Independent Since 1948
84%
Number of Provinces 9
84%
Main Language Sinhala
84%
Former Part of United Kingdom
80%
Capital Sri Jayawardenepura Kotte
68%
Currency Sri Lankan Rupee
56%
Current Leader Anura Kumara Dissanayake
16%
Global Firepower Rating (out of 145) 69
12%
Form of Government Presidential Republic
0%
No matching quizzes found
Score Distribution
Percent of People with Each Score
Percentile by Number Answered
Your Score History
You have not taken this quiz